| 000 | 00454nam a2200157Ia 4500 | ||
|---|---|---|---|
| 008 | 210716s2003 xx 000 0 und d | ||
| 020 | _a0074622501 | ||
| 041 | _aeng | ||
| 082 | _a150 MORC | ||
| 100 | _aMorgan, Clifford T;King, Richard A;Weisz, John R;Schopler, John. | ||
| 245 | _aIntroduction to psychology. | ||
| 250 | _a7 | ||
| 260 |
_aNew Delhi _bTata McGraw Hill Publishing Company Ltd _c2003 |
||
| 300 | _axx,724,SI-15 | ||
| 650 | _aPsychology | ||
| 999 |
_c197944 _d197944 |
||